[Event "Match/Team URS-World 20,5-19,5"]
[Site "Belgrade"]
[Date "1970.04.02"]
[Round "3.7"]
[White "Taimanov, Mark E"]
[Black "Uhlmann, Wolfgang"]
[Result "1/2-1/2"]
[WhiteElo "2600"]
[BlackElo "2570"]
[Annotator "Taimanov/Uhlmann"]
[PlyCount "121"]
[EventDate "1970.03.29"]
[EventType "team"]
[EventRounds "4"]
[EventCountry "YUG"]
[SourceTitle "MCL"]
[Source "ChessBase"]
[SourceDate "1999.07.01"]
[SourceVersion "1"]
[SourceVersionDate "1999.07.01"]
[SourceQuality "1"]
[WhiteTeam "Soviet Union"]
[BlackTeam "World"]
[WhiteTeamCountry "URS"]
[TimeControl "40/9000:16/5400:0"]

1. d4 Nf6 2. c4 g6 3. Nc3 d5 4. Bg5 Ne4 5. Bh4 c5 6. cxd5 Nxc3 7. bxc3 Qxd5 8.
e3 Bg7 9. Qf3 Qd8 $1 {Uhlmann=:U} 10. Bb5+ Nd7 11. Ne2 O-O (11... cxd4 12. exd4
{Taimanov=:T} (12. cxd4 $4 Qa5+) 12... O-O 13. O-O Nf6 $10 {U}) 12. O-O a6 13.
Bd3 Rb8 (13... Ne5 14. dxe5 Qxd3 15. Bxe7 {T}) 14. a4 b6 (14... Nf6 $142 {U})
15. Rfd1 Qe8 $2 {T} (15... Bb7 16. Be4 Bxe4 17. Qxe4 Nf6 18. Qd3 Qc8 19. Bg3
Ra8 {T}) 16. Be4 $1 {P 17. c6 T} e5 $2 (16... Nf6 17. Bxf6 (17. Bc6 Bd7 18.
Bxd7 Nxd7 19. Qc6 $14 {U}) 17... exf6 $14 {U} (17... Bxf6 18. Bc6) 18. Bc6 Qe7
19. Nf4 {T}) 17. Bc6 Qe6 18. Bg3 $1 {U P 19. d7 d7 20. e5 T} Rd8 (18... Re8 19.
dxe5 Bxe5 20. Nf4 Qe7 (20... Qf5 21. Bxd7 Bxd7 22. e4 $18) 21. Bxd7 Bxd7 22.
Nd5 Qe6 23. Bxe5 Qxe5 24. Nf6+ $18 {U}) 19. dxe5 Bxe5 20. Bd5 Qe7 21. Qxf7+
Qxf7 22. Bxf7+ Kxf7 23. Bxe5 Rb7 24. Bf4 Re8 25. f3 c4 (25... Ne5 26. Bxe5 Rxe5
27. e4 {T}) 26. Rd4 $2 {T/U} (26. e4 Nc5 27. Be3 $1 {U} Nd3 (27... Nxe4 $2 28.
fxe4 Rxe4 29. Rf1+ Kg8 (29... Ke8 30. Bh6 $18) 30. Bh6 $18 {U}) 28. Rdb1 {T})
26... Nc5 $1 {T} 27. Rxc4 Be6 28. Rb4 a5 29. Rb2 Bd7 30. Rba2 Nb3 31. Rd1 Nc5
32. Rd4 Ne6 33. Rc4 g5 $1 {U} 34. Bd6 Nc5 {P 35... e6 T} 35. Nd4 (35. Rd4 Rxe3
36. Kf2 Re8 37. Ng3 $18 {U}) 35... Nxa4 $1 {U} 36. Rcxa4 Bxa4 37. Rxa4 Rxe3 38.
Nb5 Re1+ 39. Kf2 Rb1 40. c4 $2 {T} (40. Nd4 {T}) 40... Rd7 {P 41... b5 T} 41.
Be5 Rd2+ 42. Ke3 (42. Kg3 Rg1 $40 {U} 43. Kg4 Kg6 $1 {T}) 42... Rxg2 43. Ke4
Rb4 $1 {T/U} 44. Rxb4 axb4 45. Nd4 {P e4-d5-c6 T} Ke7 46. Bc7 (46. Kd5 Kd7 {T})
(46. Nc6+ Ke6 {T}) 46... Kd7 47. Bxb6 b3 $1 {T} (47... Rxh2 48. c5 {T}) 48.
Nxb3 Rb2 49. Be3 (49. Nc5+ Kc6 50. Ba7 Ra2 51. Ne6 $10 {U}) 49... Rxb3 50. Bxg5
Rc3 51. Bf6 Rxc4+ 52. Kf5 Rc2 53. h4 Rf2 54. f4 Ke8 55. Kg5 Rg2+ 56. Kh5 Rg6
57. Bg5 Kf7 58. f5 Rc6 59. f6 Ke6 60. Kh6 Rc7 61. Be3 (61. Be3 Kxf6 62. Bd4+
Kf5 63. h5 $1 $10 {T/U} (63. Bg7 $2 Rxg7 64. Kxg7 h5 $19 {U})) 1/2-1/2

[Event "Match/Team URS-World 20,5-19,5"]
[Site "Belgrade"]
[Date "1970.03.29"]
[Round "1.7"]
[White "Taimanov, Mark E"]
[Black "Uhlmann, Wolfgang"]
[Result "1-0"]
[WhiteElo "2600"]
[BlackElo "2570"]
[Annotator "Taimanov/Uhlmann"]
[PlyCount "115"]
[EventDate "1970.03.29"]
[EventType "team"]
[EventRounds "4"]
[EventCountry "YUG"]
[SourceTitle "MCL"]
[Source "ChessBase"]
[SourceDate "1999.07.01"]
[SourceVersion "1"]
[SourceVersionDate "1999.07.01"]
[SourceQuality "1"]
[WhiteTeam "Soviet Union"]
[BlackTeam "World"]
[WhiteTeamCountry "URS"]
[TimeControl "40/9000:16/5400:0"]

1. d4 Nf6 2. c4 g6 3. Nc3 d5 4. Bg5 Ne4 5. Bh4 c5 6. cxd5 $1 {Uhlmann=:U} Nxc3
(6... Qa5 7. Qd3 $1 {U}) 7. bxc3 Qxd5 (7... Qa5 8. Qd2 Bg7 9. e3 $14 {U}) 8. e3
cxd4 (8... Nc6 $142 {Taimanov=T}) (8... Bg7 $142 {T/U} 9. Qf3 Qd8 {U}) 9. Qxd4
$1 {T/U} Qxd4 10. cxd4 Nc6 11. Bb5 Bd7 12. Nf3 Bg7 13. O-O e6 14. Rab1 $1 {T}
O-O 15. Nd2 $1 {U} f5 16. Nb3 b6 17. Rfc1 Rac8 18. Ba6 Rce8 (18... Rb8 $2 19.
Bg3 e5 20. Bb5 $16) 19. Bb7 Nd8 20. Rc7 Rf7 (20... Nxb7 21. Rxb7 (21. Rxd7 $2
Rf7 22. Rxf7 Kxf7 23. Rc1 Bf6 $10 {U}) 21... Bc6 22. Rxa7 Ra8 23. Rxa8 Rxa8 24.
Nc1 b5 $14 {T/U}) 21. Ba6 Ba4 22. Rbc1 Bf8 23. R1c4 Rxc7 24. Rxc7 Nc6 25. Bc4
$1 {T} Bg7 (25... Bd6 26. Rb7 {U}) 26. Rc8 $2 {T /!? U} (26. Bg3 $1 {P c8 T}
Kh8 $2 27. Bxe6 {U}) 26... Rxc8 27. Bxe6+ Kf8 28. Bxc8 Nb4 29. Nc1 Kf7 $1 {
T/U P 30... f4!T} 30. Bg3 Bf8 31. Bb7 $2 {U} (31. Bb8 Nc6 32. Bd7 {U}) 31...
Ke6 32. Bb8 Kd7 $1 {T/U} 33. Bf3 (33. Bxa7 $4 Kc7 {U}) 33... Bb5 34. Bd1 a5 35.
a4 Bc4 36. g4 $1 {T} b5 37. gxf5 gxf5 38. Be5 Nc6 $6 {T/U} (38... Nd5 $1 {T/U}
39. axb5 Bxb5 40. Bc2 Ke6 41. Nd3 a4 {T}) 39. Bh8 Ba3 40. axb5 Bxc1 (40... Bxb5
41. Nb3 a4 42. Nc5+ Bxc5 43. dxc5 Ke6) 41. bxc6+ Kxc6 42. Ba4+ Kd5 $2 {U} (
42... Bb5 43. d5+ (43. Bc2 $142 {T/U} a4 44. Bxf5 a3 45. Bxh7 Bc4 $14 {U})
43... Kc5 44. Bd4+ Kb4 $10 {T/U}) 43. Bc2 Ke6 44. Kg2 Ba3 45. Be5 Bf8 46. Bc7
Bd5+ 47. f3 Bb4 48. Kg3 Kf6 (48... Bd6+ 49. Bxd6 Kxd6 50. Kf4 Be6 51. e4 fxe4
52. fxe4 {T}) 49. Be5+ Kg6 50. Kf4 Be6 51. Ba4 $1 {T/U} Bf8 52. e4 (52. Be8+
Bf7 53. Bxf7+ Kxf7 54. Kxf5 a4 {T}) 52... Bh6+ 53. Kg3 fxe4 54. fxe4 Bd2 55. d5
Be1+ 56. Kf3 Bh3 57. Be8+ Kh6 58. Bf6 1-0

[Event "Lvov Vasylyshyn Memorial-A 11th"]
[Site "Lvov"]
[Date "2014.11.20"]
[Round "3"]
[White "Kazakov, Mikhail"]
[Black "Zakhartsov, Viacheslav V"]
[Result "1-0"]
[WhiteElo "2479"]
[BlackElo "2547"]
[Annotator "Zakhartsov,Vi"]
[PlyCount "87"]
[EventDate "2014.11.18"]
[EventType "tourn"]
[EventRounds "9"]
[EventCountry "UKR"]
[EventCategory "9"]
[SourceTitle "CBM 164"]
[Source "ChessBase"]
[SourceDate "2015.01.15"]
[SourceVersion "1"]
[SourceVersionDate "2015.01.15"]
[SourceQuality "1"]

1. d4 Nf6 2. c4 g6 3. Nc3 d5 4. Bg5 Ne4 5. Bh4 Nxc3 6. bxc3 dxc4 7. e3 Be6 8.
Nf3 Nd7 (8... Bg7 {is the most common continuation. With the text Black aims
to immediately block the b-file by playing ...Nb6.}) 9. d5 {An attempt to
refute the knight move.} (9. Be2 {is the main line.}) 9... Bg4 10. Qd4 Bxf3 11.
Qxh8 (11. gxf3 Rg8 12. Qxc4 Bg7 13. Rd1 Nb6 14. Qb3 Qd6 15. Bb5+ Kf8 {with
mutual chances, Dreev - Cheparinov, Helsingor 2012.}) 11... Bxd5 12. e4 $5 {
A novelty. Other attempts:} (12. Qd4 Nb6 13. e4 Bc6 14. f3 Qxd4 15. cxd4 Bg7 {
and Black is fine, Gelfand - Ponomariov, Nice 2010}) (12. Rd1 c6 13. Be2 {
(Morchiashvili - Fier, Tbilisi 2014), and now it was worth considering} Bxg2 $5
14. Bg4 (14. Rg1 Bd5) 14... Bxh1 15. Rxd7 Qxd7 16. Bxd7+ Kxd7 {with slightly
better chances for Black.}) 12... Bxe4 (12... Be6 13. Rd1 c6 {would be more
quiet. I thought that White would have an easy game after} 14. Be2 {, but
Black would have his share of chances:} Qa5 15. Bg3 (15. O-O Qe5 (15... g5 16.
Bg3 Nf6 {cutting off the white queen is interesting, but the black king would
not be castled:} 17. Rd4 Qxa2 18. Re1 Qa5 19. Rc1) 16. Qxe5 Nxe5 17. f4 Nd3 18.
f5 gxf5 19. exf5 Bd5 20. Bxd3 cxd3 21. Rfe1 Bxa2 22. Rxd3 b5 {with a
double-edged endgame:} 23. Bxe7 Bxe7 24. Rde3 Kd7 $5 (24... Be6 25. Rg3 (25.
fxe6 $2 Bc5) 25... Bc8 26. Rge3 Be6 {=}) 25. Rxe7+ Kd6 26. Re8 Rxe8 27. Rxe8 a5
) 15... O-O-O 16. Qd4 Bh6 $5 17. Bxc4 (17. O-O $4 c5 {and the queen is trapped}
) 17... Bg7 18. Qxg7 (18. e5 Bxc4 19. Qxc4 Nxe5 20. Rxd8+ Kxd8) 18... Bxc4 19.
Qd4 Qxa2 20. Rd2 Qa1+ 21. Rd1 Qa6 {and Black is better due to the white king
being stuck in the centre.}) 13. Bxc4 Nb6 $2 {A severe miscalculation. In such
sharp positions each mistake is fatal.} ({I had to find} 13... Bxg2 14. Rg1 Nb6
$1 15. Rd1 (15. Bb3 $2 Bd5 16. O-O-O Qd6 {and Black is better}) (15. Bxf7+ $2
Kxf7 16. Qxh7+ Bg7 17. Rxg2 Qd3 {and Black wins}) 15... Bd5 $1 {(the point)} (
15... Qc8 $4 16. Bxe7 $1) 16. Bxd5 Nxd5 17. c4 (17. Rg5 f5 18. Qxh7 (18. c4 Qd6
19. Rxd5 Qb4+ 20. Kd1 Qb1+ (20... Qa4+ 21. Ke1 Qb4+ {a draw}) 21. Kd2 Qxa2+ 22.
Ke1 Qxc4 {and having 5 pawns for the rook, Black is better}) 18... Qd6 19.
Qxg6+ Qxg6 20. Rxg6 Nxc3 {and Black should be OK}) 17... Qd6 $1 18. Rxd5 (18.
cxd5 Qb4+ {and the bishop on h4 drops}) 18... Qb4+ 19. Kd1 Qb1+ 20. Kd2 Qxg1
21. Bxe7 $1 Qxf2+ 22. Kc3 Qe1+ 23. Kb3 {, and now Black can either give a
perpetual, or search for some winning chances:} Qxe7 (23... Qb1+ 24. Ka3 Qc1+
25. Kb3 Qb1+ $11) 24. Re5 O-O-O 25. Rxe7 Bxe7 26. Qxh7 Rd3+ 27. Kc2 Rf3) 14.
Rd1 Qxd1+ {Forced.} ({In advance I had intended to play} 14... Qc8 $2 {which
would lose on the spot to} 15. Bxe7 $1 Kxe7 16. Qe5+ $18) 15. Kxd1 Nxc4 16. Ke2
Bxg2 17. Rd1 Nd6 18. Qxh7 Bc6 19. Bg3 {So, having 2 minor pieces and 2 pawns
for the queen, Black has some chances to survive. However, I began to make
mistakes again.} Bb5+ $6 (19... Ne4 20. Rc1 (20. Qh8 f6) 20... Rd8 {activating
the rook.}) 20. Ke1 Bc4 {I dreamed about 0-0-0, but this is not feasible.} 21.
Qh4 Be6 $2 {One more mistake.} ({In advance I had intended to play} 21... Bg7
$4 {which would lose to} 22. Rxd6 (22. Bxd6 Bxc3+ 23. Rd2 Bxd2+ 24. Kxd2 O-O-O
25. Qxc4 Rxd6+ {with some chances to build a fortress}) 22... cxd6 23. Qxc4 {
; but}) (21... Rc8 {indirectly protecting the c4-bishop, was much better.}) 22.
Qa4+ $1 Bd7 23. Qd4 Bc6 {Black has completed the bishop's round trip and has
the same position as before his 19th move, whereas White has centralised his
queen and has a large advantage.} 24. c4 {Now c5 is inevitable, and hopes to
build a fortress disappear.} a6 25. c5 Nf5 26. Qh8 Rc8 27. Be5 Bf3 28. Rd3 Be4
29. Rd2 Bc6 30. h4 Bf3 31. Bf4 Bh5 $2 (31... f6 $2 {also loses quickly:} 32.
Qg8 Bh5 33. Qd5) (31... Bc6 {was relatively better, although White should win
after} 32. h5 gxh5 33. Qxh5) 32. Rd3 {Now White is completely winning.} f6 (
32... Nxh4 33. Bh6) 33. Qg8 c6 34. Qb3 Nxh4 35. Qxb7 Bg4 36. Bg3 g5 37. Qxa6
Ng2+ 38. Kf1 Nf4 39. Bxf4 gxf4 40. Qb7 Kf7 41. a4 f3 42. a5 Bh6 43. Rxf3 Rd8
44. Kg2 1-0